000 00421nam a2200157Ia 4500
008 230718s9999 xx 000 0 und d
041 _aeng
082 _a621.384'5
_bRIC
100 _aRichardson A.
_9166860
245 _aWCDMA Design Handbook
260 _c2005
_bCambridge University Press
300 _a565
365 _cRs.
_b395.00
700 _aRichardson A.
_9166860
906 _d1050601729/24.01.2006
_cELECT
_b79
999 _c312397
_d312397